ՀՀ Գիտությունների ազգային ակադեմիայի հիմնարար գիտական գրադարան  =   Fundamental Scientific Library of NAS RA

Совершенствовать формы и методы партийной работы : (Record no. 525333)

MARC details
000 -LEADER
fixed length control field 00716-am-a2200193-a-4500
003 - CONTROL NUMBER IDENTIFIER
control field AM-YEHGA
005 - DATE AND TIME OF LATEST TRANSACTION
control field 20250617164511.0
008 - FIXED-LENGTH DATA ELEMENTS--GENERAL INFORMATION
fixed length control field 991210s1962 xxuru 0 0 rus u rus
040 ## - CATALOGING SOURCE
Original cataloging agency AM-YeHGA
041 0# - LANGUAGE CODE
Language code of text/sound track or separate title rus
001 - CONTROL NUMBER
control field 1824994
090 ## - LOCALLY ASSIGNED LC-TYPE CALL NUMBER (OCLC); LOCAL CALL NUMBER (RLIN)
-- 532540
245 10 - TITLE STATEMENT
Title Совершенствовать формы и методы партийной работы :
Remainder of title Из опыта партийных организаций Курской области /
Statement of responsibility, etc. Сост. М.В. Тунгускова
260 0# - PUBLICATION, DISTRIBUTION, ETC.
Place of publication, distribution, etc. Курск :
Name of publisher, distributor, etc. Курское кн. изд-во,
Date of publication, distribution, etc. 1962.
300 ## - PHYSICAL DESCRIPTION
Extent 210 с.
653 0# - INDEX TERM--UNCONTROLLED
Uncontrolled term Партийная работа
700 1# - ADDED ENTRY--PERSONAL NAME
Personal name Тунгускова, М.В.
Relator term сост.
Relationship com
942 ## - ADDED ENTRY ELEMENTS (KOHA)
Source of classification or shelving scheme Universal Decimal Classification
Koha item type Գրքեր / Books
Holdings
Withdrawn status Lost status Damaged status Not for loan Collection Home library Current library Date acquired Total checkouts Full call number Barcode Date last seen Price effective from Koha item type Public note
        General Fundamental Scientific Library Fundamental Scientific Library 22/03/2022   РII/72382 FL0675361 22/03/2022 22/03/2022 Գրքեր / Books 30 Days Loan


ՀՀ ԳԱԱ հիմնարար գիտական գրադարան
ՀՀ,Երևան 0019
Մարշալ Բաղրամյան 24/6
հեռախոս:(374-10) 52-47-50
Հետադարձ կապ

All site content, except where otherwise noted, is licensed under a
Creative Commons License